[Event "Olomouc Chess Summer 2022 - A"]
[Site "Olomouc (CZE), Hotel Flora"]
[Date "2022.08.17"]
[Round "6"]
[Board "4"]
[White "Krejci, Jan"]
[Black "Pap, Gyula"]
[Result "1-0"]
[WhiteElo "2515"]
[BlackElo "2481"]
[PlyCount "0"]
[EventDate "2022.08.13"]
[EventRounds "9"]
[EventCountry "CZE"]

1. d4 {[%clk 1:30:58]} e6 {[%clk 1:30:52]} 2. c4 {[%clk 1:31:23]} d5
{[%clk 1:29:13]} 3. Nc3 {[%clk 1:31:47]} Nf6 {[%clk 1:29:23]} 4. Nf3
{[%clk 1:32:12]} Nbd7 {[%clk 1:26:49]} 5. Bg5 {[%clk 1:32:12]} Be7
{[%clk 1:22:55]} 6. e3 {[%clk 1:32:30]} O-O {[%clk 1:22:30]} 7. Qc2
{[%clk 1:30:51]} h6 {[%clk 1:13:46]} 8. Bh4 {[%clk 1:29:22]} c5 {[%clk 1:13:50]}
9. cxd5 {[%clk 1:29:27]} Nxd5 {[%clk 1:12:51]} 10. Bxe7 {[%clk 1:28:50]} Nxe7
{[%clk 1:01:48]} 11. Rd1 {[%clk 1:25:25]} Qa5 {[%clk 0:58:46]} 12. Be2
{[%clk 1:17:51]} Nf6 {[%clk 0:49:17]} 13. O-O {[%clk 1:12:27]} cxd4
{[%clk 0:38:19]} 14. Rxd4 {[%clk 1:06:18]} Bd7 {[%clk 0:38:11]} 15. Ne4
{[%clk 1:01:43]} Ned5 {[%clk 0:33:44]} 16. b4 {[%clk 0:55:35]} Qa3
{[%clk 0:31:10]} 17. Nxf6+ {[%clk 0:53:05]} Nxf6 {[%clk 0:31:32]} 18. Ne5
{[%clk 0:53:29]} Rfc8 {[%clk 0:26:30]} 19. Qd2 {[%clk 0:51:26]} Be8
{[%clk 0:25:59]} 20. Nc4 {[%clk 0:50:36]} Qa4 {[%clk 0:25:45]} 21. b5
{[%clk 0:44:15]} Rc5 {[%clk 0:17:42]} 22. Nb6 {[%clk 0:40:03]} axb6
{[%clk 0:18:04]} 23. Rxa4 {[%clk 0:40:29]} Rxa4 {[%clk 0:18:28]} 24. Bd1
{[%clk 0:40:29]} Ra3 {[%clk 0:16:43]} 25. Qb2 {[%clk 0:39:16]} Rd3
{[%clk 0:16:13]} 26. a4 {[%clk 0:39:00]} Ne4 {[%clk 0:14:01]} 27. Qb1
{[%clk 0:32:06]} Rcd5 {[%clk 0:12:05]} 28. Be2 {[%clk 0:30:35]} Nc3
{[%clk 0:10:09]} 29. Qc2 {[%clk 0:29:40]} Nxe2+ {[%clk 0:09:53]} 30. Qxe2
{[%clk 0:30:08]} Ra3 {[%clk 0:10:00]} 31. Qc4 {[%clk 0:29:54]} g6
{[%clk 0:09:07]} 32. h3 {[%clk 0:29:08]} h5 {[%clk 0:09:23]} 33. Qb4
{[%clk 0:22:23]} Ra2 {[%clk 0:08:55]} 34. Rc1 {[%clk 0:22:46]} Bd7
{[%clk 0:08:41]} 35. Qh4 {[%clk 0:21:23]} Kg7 {[%clk 0:08:49]} 36. Rc7
{[%clk 0:19:27]}  1-0

[Event "Olomouc Chess Summer 2022 - A"]
[Site "Olomouc (CZE), Hotel Flora"]
[Date "2022.08.17"]
[Round "6"]
[Board "5"]
[White "Frank, Adam"]
[Black "Winkelman, Albert"]
[Result "1/2-1/2"]
[WhiteElo "2307"]
[BlackElo "2278"]
[PlyCount "0"]
[EventDate "2022.08.13"]
[EventRounds "9"]
[EventCountry "CZE"]

1. e4 e5 2. Nf3 Nc6 3. Bb5 a6 4. Ba4 Nf6 5. O-O Be7 6. Re1 b5 7. Bb3 O-O 8. h3 d6
9. c3 Nb8 10. d4 Nbd7 11. Nbd2 Bb7 12. Bc2 c5 13. d5 c4 14. Nf1 Qc7 15. Ng3 Rfb8
16. a4 Bc8 17. Be3 Nc5 18. Qe2 Bd7 19. Nd2 Bd8 20. f4 Nxa4 21. Bxa4 bxa4 22. fxe5
dxe5 23. Qxc4 Rxb2 24. Qxc7 Bxc7 25. Rec1 Rc8 26. c4 Ba5 27. Ngf1 Bb4 28. c5 Bb5
29. Nc4 Rb3 30. Nd6 Rc7 31. Nf5 Nxe4 32. d6 Rxc5 33. Bxc5 Bxc5+ 34. Kh2 g6 35.
Nd2 Nxd2 36. Ne7+ Kg7 37. Rxc5 Rd3 38. Rxe5 Rxd6 39. Rd5 Nf1+ 40. Kg1 Re6 41. Nc8
Ne3 42. Rd6 Re8 43. Nb6 Nc2 44. Ra2 Re1+ 45. Kh2 Ne3 46. Nxa4 Bxa4 47. Rxa4 Re2
48. Raxa6 Rxg2+ 49. Kh1 Rf2 50. Ra7 h6 51. Rd3 Nf5 52. Kg1 Rf4 53. Rdd7 Nh4 54.
Ra6 Rf3 55. Kh2 g5 56. Rda7 h5 57. Ra3 Rf2+ 58. Kg1 Rb2 59. Ra2 Rb1+ 60. Kh2 Kg6
61. Rf2 f6 62. Ra6 Nf5 63. Ra5 Nd6 64. Kg2 Rb3 65. Re2 Nf5 66. Rf2 Nh4+ 67. Kh2
Nf3+ 68. Kg2 g4 69. hxg4 hxg4 70. Kg3 Ne5+ 71. Kg2 Kg5 72. Re2 Kf4 73. Ra4+ Kf5
74. Ra5 Rh3 75. Rf2+ Kg5 76. Re2 Kf4 77. Ra4+ Kf5 78. Ra5 Rc3 79. Rf2+ Kg5 80.
Re2 Kf4 81. Ra4+ Nc4 82. Re6 Rc2+ 83. Kg1 Rc1+ 84. Kf2 g3+ 85. Kg2 Rc2+ 86. Kg1
Rc1+ 87. Kg2 Rc2+ 88. Kg1 Kg5 89. Re8 Rc3  1/2-1/2

[Event "Olomouc Chess Summer 2022 - A"]
[Site "Olomouc (CZE), Hotel Flora"]
[Date "2022.08.18"]
[Round "7"]
[Board "1"]
[White "Winkelman, Albert"]
[Black "Mirzoev, Azer"]
[Result "0-1"]
[WhiteElo "2278"]
[BlackElo "2435"]
[PlyCount "0"]
[EventDate "2022.08.13"]
[EventRounds "9"]
[EventCountry "CZE"]

1. d4 {[%clk 1:30:56]} d5 {[%clk 1:30:52]} 2. c4 {[%clk 1:31:19]} e6
{[%clk 1:31:15]} 3. Nc3 {[%clk 1:31:15]} Be7 {[%clk 1:29:28]} 4. Nf3
{[%clk 1:31:13]} Nf6 {[%clk 1:23:26]} 5. Bg5 {[%clk 1:31:17]} Nbd7
{[%clk 1:23:46]} 6. e3 {[%clk 1:31:20]} h6 {[%clk 1:24:10]} 7. Bh4
{[%clk 1:29:26]} O-O {[%clk 1:24:30]} 8. Bd3 {[%clk 1:27:21]} dxc4
{[%clk 1:24:29]} 9. Bxc4 {[%clk 1:27:33]} c5 {[%clk 1:24:55]} 10. O-O
{[%clk 1:27:49]} a6 {[%clk 1:25:23]} 11. a4 {[%clk 1:27:08]} b6 {[%clk 1:24:24]}
12. Rc1 {[%clk 1:25:01]} Bb7 {[%clk 1:24:32]} 13. Qe2 {[%clk 1:22:07]} Qb8
{[%clk 1:18:23]} 14. Rfd1 {[%clk 1:21:18]} Re8 {[%clk 1:14:41]} 15. Ba2
{[%clk 1:14:48]} cxd4 {[%clk 1:12:32]} 16. Nxd4 {[%clk 1:13:46]} Bd6
{[%clk 1:09:53]} 17. Bg3 {[%clk 1:11:46]} Bxg3 {[%clk 1:10:04]} 18. hxg3
{[%clk 1:12:07]} Nc5 {[%clk 1:00:16]} 19. b4 {[%clk 1:00:47]} Nce4
{[%clk 0:57:19]} 20. Nxe4 Bxe4 {[%clk 0:57:19]} 21. Bc4 {[%clk 0:58:55]} Qb7
{[%clk 0:52:02]} 22. f3 {[%clk 0:58:28]} Bd5 {[%clk 0:52:24]} 23. Bd3
{[%clk 0:58:44]} e5 {[%clk 0:30:02]} 24. Nf5 {[%clk 0:59:07]} Red8
{[%clk 0:30:11]} 25. e4 {[%clk 0:53:41]} Be6 {[%clk 0:30:36]} 26. Ne3
{[%clk 0:53:34]} Rd4 {[%clk 0:20:03]} 27. Rb1 {[%clk 0:48:55]} Qa7
{[%clk 0:17:36]} 28. Kh2 {[%clk 0:43:51]} a5 {[%clk 0:17:47]} 29. Nc2
{[%clk 0:41:59]} Rdd8 {[%clk 0:17:28]} 30. Bb5 {[%clk 0:42:18]} Qc7
{[%clk 0:15:02]} 31. bxa5 {[%clk 0:41:41]} bxa5 {[%clk 0:15:23]} 32. Ne3
{[%clk 0:41:08]} Rac8 {[%clk 0:13:11]} 33. Qb2 {[%clk 0:40:12]} Qc5
{[%clk 0:11:48]} 34. Rxd8+ {[%clk 0:36:20]} Rxd8 {[%clk 0:12:02]} 35. Qc1
{[%clk 0:36:37]} Qa7 {[%clk 0:10:21]} 36. Qe1 {[%clk 0:35:13]} Ne8
{[%clk 0:08:47]} 37. Bxe8 {[%clk 0:34:41]} Rxe8 {[%clk 0:09:14]} 38. Rb5
{[%clk 0:35:02]} Ra8 {[%clk 0:09:14]} 39. Rxe5 {[%clk 0:23:07]} Qd4
{[%clk 0:09:33]} 40. Rxa5 {[%clk 0:23:33]} Rxa5 {[%clk 0:08:52]} 41. Qxa5
{[%clk 0:23:54]} Qxe3 {[%clk 0:09:19]} 42. Qa8+ {[%clk 0:24:14]} Kh7
{[%clk 0:09:38]} 43. a5 {[%clk 0:24:26]} Bc4 {[%clk 0:08:50]} 44. a6
{[%clk 0:18:31]} Bf1 {[%clk 0:35:01]} 45. Qc8 {[%clk 0:18:53]} Qa7
{[%clk 0:34:00]} 46. Qf5+ {[%clk 0:09:14]} g6 {[%clk 0:34:07]} 47. Qf6
{[%clk 0:09:39]} Bxa6 {[%clk 0:34:23]} 48. g4 {[%clk 0:09:59]} Bc4
{[%clk 0:34:37]} 49. Qe5 {[%clk 0:08:16]} Qa2 {[%clk 0:34:36]} 50. Kg1
{[%clk 0:08:07]} Qd2 {[%clk 0:34:05]} 51. Qc7 {[%clk 0:06:38]} Qd4+
{[%clk 0:33:54]} 52. Kh2 {[%clk 0:07:00]} Be6 {[%clk 0:34:09]} 53. Qf4
{[%clk 0:07:17]} Kg7 {[%clk 0:33:45]} 54. Qg3 {[%clk 0:07:14]} Qf6
{[%clk 0:33:57]} 55. Qc7 {[%clk 0:06:30]} h5 {[%clk 0:33:07]} 56. gxh5
{[%clk 0:06:53]} Qh4+ {[%clk 0:33:34]} 57. Kg1 {[%clk 0:07:14]} Qxh5
{[%clk 0:33:58]} 58. Qc3+ {[%clk 0:07:28]} Kh7 {[%clk 0:34:23]} 59. Qc7
{[%clk 0:07:06]} Qh6 {[%clk 0:34:38]} 60. Qe5 {[%clk 0:06:58]} Qh4
{[%clk 0:34:57]} 61. Qc7 {[%clk 0:07:02]} Kg7 {[%clk 0:35:06]} 62. Qe5+
{[%clk 0:07:17]} Qf6 63. Qc7 {[%clk 0:06:57]} g5 {[%clk 0:35:16]} 64. Qc5
{[%clk 0:04:50]} Qf4 {[%clk 0:35:22]} 65. Qd4+ {[%clk 0:05:10]} Kh7
{[%clk 0:35:41]} 66. Qd3 {[%clk 0:04:59]} g4 {[%clk 0:35:11]} 67. Kf2
{[%clk 0:03:40]} Qh2 {[%clk 0:35:03]} 68. fxg4 {[%clk 0:02:28]} Qh4+
{[%clk 0:35:27]} 69. Kg1 {[%clk 0:02:43]} Qxg4 {[%clk 0:35:51]} 70. Qe3
{[%clk 0:02:42]} Kg6 {[%clk 0:36:14]} 71. e5 {[%clk 0:02:41]} Kf5
{[%clk 0:36:32]} 72. Qf2+ {[%clk 0:02:51]} Qf4 {[%clk 0:36:44]} 73. Qc2+
{[%clk 0:03:03]} Kxe5 {[%clk 0:36:57]} 74. Qc7+ {[%clk 0:03:20]} Kf5
{[%clk 0:37:19]} 75. Qc5+ {[%clk 0:03:34]} Qe5 {[%clk 0:37:27]} 76. Qf2+
{[%clk 0:03:59]} Kg6 {[%clk 0:37:50]} 77. Qb6 {[%clk 0:03:44]} Kg7
{[%clk 0:37:30]} 78. Qf2 {[%clk 0:04:01]} Bd5 {[%clk 0:37:27]} 79. Qd2
{[%clk 0:04:00]} Kg6 {[%clk 0:37:39]} 80. Qf2 {[%clk 0:03:45]} Qg5
{[%clk 0:36:47]} 81. Qc2+ {[%clk 0:03:06]} Kh6  0-1

[Event "Olomouc Chess Summer 2022 - A"]
[Site "Olomouc (CZE), Hotel Flora"]
[Date "2022.08.18"]
[Round "7"]
[Board "2"]
[White "Pap, Gyula"]
[Black "Frank, Adam"]
[Result "1/2-1/2"]
[WhiteElo "2481"]
[BlackElo "2307"]
[PlyCount "0"]
[EventDate "2022.08.13"]
[EventRounds "9"]
[EventCountry "CZE"]

1. e4 {[%clk 1:30:56]} c5 {[%clk 1:30:55]} 2. Nf3 {[%clk 1:31:13]} d6
{[%clk 1:31:21]} 3. Bb5+ {[%clk 1:27:24]} Nd7 {[%clk 1:31:43]} 4. c4
{[%clk 1:25:59]} Ngf6 {[%clk 1:31:42]} 5. Nc3 {[%clk 1:26:06]} g6
{[%clk 1:31:48]} 6. O-O {[%clk 1:25:51]} Bg7 {[%clk 1:32:06]} 7. d4
{[%clk 1:25:25]} cxd4 {[%clk 1:32:32]} 8. Nxd4 {[%clk 1:25:49]} O-O
{[%clk 1:31:48]} 9. Ba4 {[%clk 1:24:21]} a6 {[%clk 1:17:59]} 10. h3
{[%clk 1:17:40]} Qc7 {[%clk 0:59:20]} 11. Bb3 {[%clk 1:10:01]} e5
{[%clk 0:55:28]} 12. Nc2 {[%clk 1:06:09]} Nb6 {[%clk 0:55:54]} 13. Bg5
{[%clk 0:58:39]} Be6 {[%clk 0:42:18]} 14. Ne3 {[%clk 0:58:47]} h6
{[%clk 0:40:55]} 15. Bxf6 {[%clk 0:36:08]} Bxf6 {[%clk 0:41:20]} 16. Ncd5
{[%clk 0:35:17]} Nxd5 {[%clk 0:39:48]} 17. Nxd5 {[%clk 0:35:38]} Bxd5
{[%clk 0:40:14]}  1/2-1/2

[Event "Olomouc Chess Summer 2022 - A"]
[Site "Olomouc (CZE), Hotel Flora"]
[Date "2022.08.18"]
[Round "7"]
[Board "3"]
[White "Stalmach, Richard"]
[Black "Krejci, Jan"]
[Result "1/2-1/2"]
[WhiteElo "2387"]
[BlackElo "2515"]
[PlyCount "0"]
[EventDate "2022.08.13"]
[EventRounds "9"]
[EventCountry "CZE"]

1. d4 {[%clk 1:30:58]} Nf6 {[%clk 1:30:53]} 2. c4 {[%clk 1:31:11]} e6
{[%clk 1:31:18]} 3. Nc3 {[%clk 1:31:15]} d5 {[%clk 1:31:43]} 4. cxd5
{[%clk 1:31:04]} exd5 {[%clk 1:32:08]} 5. Bg5 {[%clk 1:29:42]} c6
{[%clk 1:32:33]} 6. e3 {[%clk 1:29:23]} Bd6 {[%clk 1:32:42]} 7. Bd3
{[%clk 1:26:35]} O-O {[%clk 1:32:54]} 8. Nge2 {[%clk 1:24:15]} Re8
{[%clk 1:32:03]} 9. Qc2 {[%clk 1:18:56]} h6 {[%clk 1:32:23]} 10. Bh4
{[%clk 1:19:04]} a5 {[%clk 1:31:58]} 11. h3 {[%clk 1:15:32]} Na6 {[%clk 1:32:19]}
12. a3 {[%clk 1:15:32]} Nc7 {[%clk 1:32:23]} 13. O-O {[%clk 1:14:19]} Ne6
{[%clk 1:32:31]} 14. f3 {[%clk 1:09:51]} Ng5 {[%clk 1:28:06]} 15. e4
{[%clk 0:57:31]} Nfxe4 {[%clk 1:28:12]} 16. fxe4 {[%clk 0:54:05]} Nxh3+
{[%clk 1:27:35]} 17. gxh3 {[%clk 0:54:30]} Qxh4 {[%clk 1:28:00]} 18. Rf2
{[%clk 0:31:40]} Bxh3 {[%clk 1:26:11]} 19. exd5 {[%clk 0:23:28]} cxd5
{[%clk 1:08:10]} 20. Qd2 {[%clk 0:17:45]} Rad8 {[%clk 0:51:31]} 21. Bc2
{[%clk 0:16:10]} Qg4+ {[%clk 0:30:33]} 22. Kh1 {[%clk 0:16:37]} Qh4
{[%clk 0:30:58]} 23. Kg1 {[%clk 0:17:04]} Qg4+ {[%clk 0:25:42]} 24. Kh1
{[%clk 0:17:19]} Qh4 {[%clk 0:26:07]} 25. Kg1 {[%clk 0:17:44]}  1/2-1/2

[Event "Olomouc Chess Summer 2022 - A"]
[Site "Olomouc (CZE), Hotel Flora"]
[Date "2022.08.18"]
[Round "7"]
[Board "4"]
[White "Lutsko, Artem"]
[Black "Sorm, Daniel"]
[Result "1-0"]
[WhiteElo "2407"]
[BlackElo "2308"]
[PlyCount "0"]
[EventDate "2022.08.13"]
[EventRounds "9"]
[EventCountry "CZE"]

1. c4 {[%clk 1:30:58]} e6 {[%clk 1:30:37]} 2. Nc3 {[%clk 1:31:24]} d5
{[%clk 1:30:53]} 3. d4 {[%clk 1:31:48]} Nf6 {[%clk 1:31:17]} 4. cxd5
{[%clk 1:30:14]} exd5 {[%clk 1:31:21]} 5. Bg5 {[%clk 1:30:40]} c6
{[%clk 1:31:35]} 6. e3 {[%clk 1:29:41]} Bd6 {[%clk 1:31:47]} 7. Bd3
{[%clk 1:29:32]} h6 {[%clk 1:31:18]} 8. Bh4 {[%clk 1:29:59]} O-O {[%clk 1:31:31]}
9. Nf3 {[%clk 1:28:42]} Re8 {[%clk 1:31:22]} 10. O-O {[%clk 1:22:46]} Be6
{[%clk 1:31:30]} 11. Ne5 {[%clk 1:18:59]} c5 {[%clk 1:31:23]} 12. Nb5
{[%clk 1:17:35]} Be7 {[%clk 1:27:33]} 13. dxc5 {[%clk 1:17:56]} Bxc5
{[%clk 1:25:20]} 14. Rc1 {[%clk 1:16:34]} Na6 {[%clk 1:24:05]} 15. Nd4
{[%clk 1:14:17]} Bd6 {[%clk 1:19:19]} 16. Bxa6 {[%clk 1:06:41]} bxa6
{[%clk 1:09:39]} 17. Nec6 {[%clk 1:04:46]} Qd7 {[%clk 1:06:59]} 18. Bxf6
{[%clk 1:05:03]} gxf6 {[%clk 1:06:39]} 19. f4 {[%clk 0:48:53]} Bf5
{[%clk 1:05:59]} 20. Nxf5 {[%clk 0:38:31]} Qxf5 {[%clk 1:06:18]} 21. Nd4
{[%clk 0:38:49]} Qe4 {[%clk 1:06:04]} 22. Qg4+ {[%clk 0:33:29]} Kh7
{[%clk 0:58:46]} 23. Nf5 {[%clk 0:33:32]} Rg8 {[%clk 0:59:05]} 24. Qh3
{[%clk 0:33:57]} Bf8 {[%clk 0:59:28]} 25. Rc7 {[%clk 0:33:46]} Qe6
{[%clk 0:59:51]} 26. Re7 {[%clk 0:34:02]} Qc8 {[%clk 0:56:15]} 27. Qh5
{[%clk 0:29:22]} Rg7 {[%clk 0:49:52]} 28. Nxh6 {[%clk 0:28:11]} Rxg2+
{[%clk 0:45:47]} 29. Kxg2 {[%clk 0:28:40]} Qh3+ {[%clk 0:46:09]} 30. Kxh3
{[%clk 0:29:02]}  1-0

[Event "Olomouc Chess Summer 2022 - A"]
[Site "Olomouc (CZE), Hotel Flora"]
[Date "2022.08.18"]
[Round "7"]
[Board "5"]
[White "Baum, Jonasz"]
[Black "Svanda, Ondrej"]
[Result "1-0"]
[WhiteElo "2412"]
[BlackElo "2389"]
[PlyCount "0"]
[EventDate "2022.08.13"]
[EventRounds "9"]
[EventCountry "CZE"]

1. d4 Nf6 2. c4 e6 3. Nf3 d5 4. g3 Bb4+ 5. Bd2 Be7 6. Bg2 O-O 7. O-O c6 8. Qc2
Nbd7 9. Rd1 b6 10. Ne5 Bb7 11. cxd5 cxd5 12. Nc6 Bxc6 13. Qxc6 Qc8 14. Qa4 Qb7
15. Nc3 Rfc8 16. Rdc1 a6 17. Qb3 b5 18. Nd1 Nb6 19. Qd3 Rxc1 20. Rxc1 Rc8 21. Rc2
Rc6 22. b3 Qc8 23. Rxc6 Qxc6 24. Qc3 Qxc3 25. Bxc3 Ba3 26. f3 Nfd7 27. Bb2 Bb4
28. Kf2 f5 29. e3 Kf7 30. Ke2 Nb8 31. Nf2 Nc6 32. Nd3 Bd6 33. e4 g6 34. exf5 exf5
35. Ne5+ Bxe5 36. dxe5 Ke6 37. f4 Nb4 38. a3 Nc6 39. Kd3 Nd7 40. Bd4 g5 41. h4 g4
42. Kc3 Na5 43. Bf2 Nb7 44. Kd4 Nb6 45. Be1 Nd8 46. Bd2 h5 47. Be1 Nb7 48. a4
bxa4 49. bxa4 a5 50. Bd2 Nd8 51. Bxa5 Nc6+ 52. Kc5 Nxa5 53. Kxb6 Nc4+ 54. Kc5 Ne3
55. Bh1 Nf1 56. a5 Nxg3 57. Bxd5+ Ke7 58. a6 Ne4+ 59. Bxe4  1-0

[Event "Olomouc Chess Summer 2022 - A"]
[Site "Olomouc (CZE), Hotel Flora"]
[Date "2022.08.19"]
[Round "8"]
[Board "1"]
[White "Mirzoev, Azer"]
[Black "Svanda, Ondrej"]
[Result "1/2-1/2"]
[WhiteElo "2435"]
[BlackElo "2389"]
[PlyCount "0"]
[EventDate "2022.08.13"]
[EventRounds "9"]
[EventCountry "CZE"]

1. d4 {[%clk 1:27:59]} Nf6 {[%clk 1:30:54]} 2. Nf3 {[%clk 1:28:24]} e6
{[%clk 1:31:20]} 3. c4 {[%clk 1:28:49]} d5 {[%clk 1:31:46]} 4. Nc3
{[%clk 1:28:32]} Bb4 {[%clk 1:32:13]} 5. Qa4+ {[%clk 1:28:53]} Nc6
{[%clk 1:32:38]} 6. cxd5 {[%clk 1:29:19]} exd5 {[%clk 1:33:00]} 7. Bg5
{[%clk 1:29:44]} h6 {[%clk 1:32:04]} 8. Bxf6 {[%clk 1:30:10]} Qxf6
{[%clk 1:32:24]} 9. e3 {[%clk 1:30:35]} O-O {[%clk 1:30:59]} 10. Be2
{[%clk 1:29:40]} Rd8 {[%clk 1:27:20]} 11. O-O {[%clk 1:29:34]} Be6
{[%clk 1:26:13]} 12. Rfc1 {[%clk 1:29:45]} a6 {[%clk 1:22:08]} 13. a3
{[%clk 1:29:11]} Bd6 {[%clk 1:22:00]} 14. Qd1 {[%clk 1:29:30]} Ne7
{[%clk 1:20:45]} 15. Na4 {[%clk 1:28:38]} b6 {[%clk 1:19:29]} 16. Qf1
{[%clk 1:22:25]} Bc8 {[%clk 1:19:35]} 17. Rab1 {[%clk 1:22:35]} Bf5
{[%clk 1:19:55]} 18. Ra1 {[%clk 1:18:14]} Bc8 {[%clk 1:20:22]} 19. Rab1
{[%clk 1:17:02]} Bf5 {[%clk 1:20:48]} 20. Ra1 {[%clk 1:17:28]}  1/2-1/2

[Event "Olomouc Chess Summer 2022 - A"]
[Site "Olomouc (CZE), Hotel Flora"]
[Date "2022.08.19"]
[Round "8"]
[Board "2"]
[White "Sorm, Daniel"]
[Black "Baum, Jonasz"]
[Result "1-0"]
[WhiteElo "2308"]
[BlackElo "2412"]
[PlyCount "0"]
[EventDate "2022.08.13"]
[EventRounds "9"]
[EventCountry "CZE"]

1. d4 {[%clk 1:30:51]} Nf6 {[%clk 1:30:53]} 2. c4 {[%clk 1:31:09]} e6
{[%clk 1:31:17]} 3. Nc3 {[%clk 1:31:28]} Bb4 {[%clk 1:31:44]} 4. e3
{[%clk 1:31:35]} O-O {[%clk 1:32:08]} 5. a3 {[%clk 1:31:36]} Bxc3+
{[%clk 1:31:30]} 6. bxc3 {[%clk 1:32:01]} c5 {[%clk 1:29:12]} 7. Bd3
{[%clk 1:30:56]} Nc6 {[%clk 1:29:07]} 8. Ne2 {[%clk 1:30:37]} b6 {[%clk 1:28:31]}
9. O-O {[%clk 1:30:49]} Ba6 {[%clk 1:27:21]} 10. e4 {[%clk 1:31:04]} Ne8
{[%clk 1:27:44]} 11. Be3 {[%clk 1:30:10]} d6 {[%clk 1:17:06]} 12. Ng3
{[%clk 1:28:15]} Na5 {[%clk 1:15:12]} 13. Qe2 {[%clk 1:28:13]} Rc8
{[%clk 1:12:50]} 14. Rac1 {[%clk 1:28:36]} Qd7 {[%clk 1:05:24]} 15. e5
{[%clk 1:22:54]} f5 {[%clk 1:00:06]} 16. exf6 {[%clk 1:22:30]} Nxf6
{[%clk 1:00:31]} 17. Nh5 {[%clk 1:21:40]} Qf7 {[%clk 0:50:03]} 18. Nxf6+
{[%clk 1:13:09]} Qxf6 {[%clk 0:50:22]} 19. Qh5 {[%clk 1:13:28]} g6
{[%clk 0:48:14]} 20. Qe2 {[%clk 1:13:52]} e5 {[%clk 0:45:24]} 21. dxe5
{[%clk 1:11:01]} dxe5 {[%clk 0:41:51]} 22. Qg4 {[%clk 1:09:59]} Rfe8 23. Rfd1
{[%clk 1:03:04]} Rc7 {[%clk 0:35:12]} 24. Be4 {[%clk 0:55:16]} Bxc4
{[%clk 0:34:54]} 25. Bd5+ {[%clk 0:55:41]} Bxd5 {[%clk 0:35:18]} 26. Rxd5
{[%clk 0:56:08]} Qe6 {[%clk 0:32:10]} 27. Qe4 {[%clk 0:54:59]} Rd7
{[%clk 0:29:09]} 28. Rcd1 {[%clk 0:52:23]} Red8 {[%clk 0:28:47]} 29. c4
{[%clk 0:43:30]} Rxd5 {[%clk 0:18:12]} 30. cxd5 {[%clk 0:43:32]} Qf5
{[%clk 0:18:20]} 31. Qa4 {[%clk 0:41:31]} Qd7 {[%clk 0:17:44]} 32. Qe4
{[%clk 0:33:14]} Qf5 {[%clk 0:17:08]} 33. Qa4 {[%clk 0:33:32]} Qd7
{[%clk 0:16:54]} 34. Qe4 {[%clk 0:33:31]} Nc6 {[%clk 0:12:15]} 35. Bg5
{[%clk 0:33:49]} Re8 {[%clk 0:10:38]} 36. Qa4 {[%clk 0:21:12]} Nb8
{[%clk 0:10:58]} 37. Qc4 {[%clk 0:21:33]} Kg7 {[%clk 0:04:47]} 38. Qh4
{[%clk 0:19:30]} Qf7 {[%clk 0:03:41]} 39. d6 {[%clk 0:14:08]} Nd7
{[%clk 0:02:28]} 40. Be7 {[%clk 0:02:20]} Qe6 {[%clk 0:00:35]} 41. Qe4
{[%clk 0:24:29]} Qf5 {[%clk 0:26:08]} 42. Qc6 {[%clk 0:23:06]} Rb8
{[%clk 0:25:51]} 43. Qb5 {[%clk 0:18:58]} a5 {[%clk 0:24:41]} 44. h3
{[%clk 0:18:03]} Qe6 {[%clk 0:24:18]} 45. Rc1 {[%clk 0:15:05]} Kg8
{[%clk 0:19:39]} 46. a4 {[%clk 0:14:49]} Rc8 {[%clk 0:19:10]} 47. Qa6
{[%clk 0:13:38]} Re8 {[%clk 0:18:47]} 48. Qb5 {[%clk 0:13:02]} Kg7
{[%clk 0:18:23]} 49. Rc3 {[%clk 0:11:22]} Rc8 {[%clk 0:18:31]} 50. Qa6
{[%clk 0:11:11]} Rb8 {[%clk 0:18:01]} 51. Qb5 {[%clk 0:10:56]} Rg8
{[%clk 0:16:35]} 52. Qc6 {[%clk 0:11:04]} Rb8 {[%clk 0:15:53]} 53. Qc7
{[%clk 0:10:15]} b5 {[%clk 0:05:23]} 54. Rxc5 {[%clk 0:10:39]} b4
{[%clk 0:05:50]} 55. Rb5 {[%clk 0:09:47]} Rxb5 {[%clk 0:05:54]} 56. axb5
{[%clk 0:10:13]} b3 {[%clk 0:05:15]} 57. Qc3 {[%clk 0:08:28]} Qd5
{[%clk 0:04:44]} 58. Qc6 {[%clk 0:08:36]} Qe6 {[%clk 0:04:28]} 59. Qc3
{[%clk 0:08:55]} a4 {[%clk 0:04:41]} 60. Qb4 {[%clk 0:08:52]} Qd5
{[%clk 0:03:39]} 61. b6 {[%clk 0:08:42]} Qd4 {[%clk 0:03:40]} 62. Qb5
{[%clk 0:09:04]} b2 {[%clk 0:03:23]} 63. b7 {[%clk 0:08:54]} Qd1+
{[%clk 0:02:06]} 64. Kh2 {[%clk 0:09:20]} b1=Q {[%clk 0:02:27]} 65. Qxd7
{[%clk 0:07:58]} Qg1+ {[%clk 0:01:21]} 66. Kg3 {[%clk 0:08:26]} Qb3+
{[%clk 0:00:54]} 67. f3 {[%clk 0:08:39]} Qf7 {[%clk 0:00:33]} 68. Bf8+
{[%clk 0:06:53]} Kg8 {[%clk 0:00:34]} 69. Qxf7+ {[%clk 0:06:50]} Kxf7
{[%clk 0:01:03]} 70. b8=Q {[%clk 0:07:10]} Qd4 {[%clk 0:00:58]} 71. Bh6
{[%clk 0:06:41]} Ke6 {[%clk 0:01:11]} 72. Qc7 {[%clk 0:04:22]}  1-0

[Event "Olomouc Chess Summer 2022 - A"]
[Site "Olomouc (CZE), Hotel Flora"]
[Date "2022.08.19"]
[Round "8"]
[Board "3"]
[White "Krejci, Jan"]
[Black "Lutsko, Artem"]
[Result "1/2-1/2"]
[WhiteElo "2515"]
[BlackElo "2407"]
[PlyCount "0"]
[EventDate "2022.08.13"]
[EventRounds "9"]
[EventCountry "CZE"]

1. d4 {[%clk 1:30:57]} Nf6 {[%clk 1:30:56]} 2. c4 {[%clk 1:31:22]} e6
{[%clk 1:31:23]} 3. Nc3 {[%clk 1:31:46]} Bb4 {[%clk 1:31:49]} 4. e3
{[%clk 1:32:10]} O-O {[%clk 1:32:00]} 5. Nge2 {[%clk 1:32:32]} Re8
{[%clk 1:31:30]} 6. a3 {[%clk 1:32:39]} Bf8 {[%clk 1:31:54]} 7. Ng3
{[%clk 1:31:43]} d5 {[%clk 1:32:00]} 8. Be2 {[%clk 1:28:10]} b6 {[%clk 1:31:05]}
9. O-O {[%clk 1:27:25]} Bb7 {[%clk 1:31:30]} 10. Bf3 {[%clk 1:25:36]} Nbd7
{[%clk 1:20:37]} 11. b3 {[%clk 1:23:10]} Rc8 {[%clk 1:15:46]} 12. Bb2
{[%clk 1:22:06]} c5 {[%clk 0:54:01]} 13. cxd5 {[%clk 1:14:48]} cxd4
{[%clk 0:42:38]} 14. Qxd4 {[%clk 1:11:22]} Nc5 15. Qd1 {[%clk 0:41:44]} Nxd5
{[%clk 0:39:57]} 16. Nce4 {[%clk 0:41:37]} Ba6 {[%clk 0:37:21]} 17. Be2
{[%clk 0:35:46]} Bxe2 {[%clk 0:36:23]} 18. Qxe2 {[%clk 0:36:15]} Nxb3
{[%clk 0:32:53]} 19. Rad1 {[%clk 0:36:35]}  1/2-1/2